Pays du monde : Mort Subite - Statistiques

Statistiques générales
  • Ce quiz a été pris 201 fois
    66 depuis la dernière actualisation
  • Le résultat moyen est 14 sur 20
Answers on the Grid
Answers color-coded by a green-red scale on the quiz's grid according to % correct below.
France
Paloas
Malte
Bhoutan
Suriname
Allemagne
Brunales
Comores
Balize
Eswatini
Kiribati
Saint-Vincent
Saint-Georges
Namura
Vanuatu
Kirabiti
Palaos
Timor oriental
Cap-Vert
Togo
Breval
Namibie
Belize
Portugal
Aranchini
Sainte-Lucie
Taga
Brésil
Sao Tomé et Principe
Swatanga
 
Statistiques - réponses
Réponse % Correct
France
98%
Allemagne
84%
Suriname
80%
Malte
78%
Comores
76%
Brésil
75%
Bhoutan
73%
Cap-Vert
73%
Portugal
73%
Eswatini
71%
Namibie
71%
Togo
71%
Sainte-Lucie
67%
Vanuatu
67%
Kiribati
65%
Timor oriental
63%
Belize
59%
Palaos
57%
Saint-Vincent
55%
Sao Tomé et Principe
55%
Aucun quiz correspondant
Distribution des résultats
% des personnes avec chaque résultat
Percentile par nombre de réponses
Votre historique - résultats
Vous n’avez pas pris ce quiz depuis la dernière actualisation